<?xml version="1.0" encoding="UTF-8"?>
<marc:record xmlns:marc="http://www.loc.gov/MARC21/slim">
   <marc:leader>00000nam a2200000 a 4500</marc:leader>
   <marc:datafield ind1="1" ind2=" " tag="100">
      <marc:subfield code="a">Seiler, Laura Malina</marc:subfield>
      <marc:subfield code="4">aut</marc:subfield>
      <marc:subfield code="e">Verfasser/-in</marc:subfield>
   </marc:datafield>
   <marc:datafield ind1="0" ind2="0" tag="245">
      <marc:subfield code="a">Mögest Du glücklich sein</marc:subfield>
   </marc:datafield>
   <marc:datafield ind1="0" ind2="0" tag="245">
      <marc:subfield code="b">entdecke dein Höheres Selbst und verbinde dich mit deiner inneren Kraft</marc:subfield>
   </marc:datafield>
   <marc:datafield ind1="0" ind2="0" tag="245">
      <marc:subfield code="c">Laura Malina Seiler</marc:subfield>
   </marc:datafield>
   <marc:datafield ind1=" " ind2="1" tag="264">
      <marc:subfield code="a">Grünwald</marc:subfield>
      <marc:subfield code="b">Komplett-Media</marc:subfield>
      <marc:subfield code="c">2017</marc:subfield>
   </marc:datafield>
   <marc:datafield ind1=" " ind2=" " tag="250">
      <marc:subfield code="a">Originalausgabe, 1. Auflage</marc:subfield>
   </marc:datafield>
   <marc:datafield ind1="1" ind2=" " tag="520">
      <marc:subfield code="a">VERLAGSTEXT: / / In dem Buch "Mögest du glücklich sein" erfährst du, wie du dich mit deinem Higher Self verbindest, Blockaden auflöst, alten emotionalen Schmerz heilst und dich von deinen Ängsten befreist. Das Buch enthält zahlreiche kraftvolle Coaching-Übungen, heilende Meditationen und Geschichten, die inspirieren und dir dabei helfen, dich selbst in einem kraftvollen neuen Licht zu sehen. Laura Malina Seiler nimmt dich mit auf eine wunderschöne Reise zu dir selbst, die dich in Kontakt mit deiner wahren Essenz bringt. / / / AUS DEM INHALT: / / Vorwort 9 / / Einleitung / Warum wir das empfangen, was wir aussenden 13 / Wie du die ganze Kraft deines Bewusstseins entfaltest 33 / / Heile deine Vergangenheit / Wenn du dich selbst heilst, heilst du die Welt 45 / Wie ich dank Buddha meine größte Angst loslassen konnte 49 / Wir sehen die Welt nie so, wie sie ist. Wir sehen die Welt so, / wie wir sind 61 / Lade dir die Liebe in dein Leben ein 75 / Raus aus der Opferrolle. Get your power back! gl / Es ist Zeit, eine neue Geschichte über dich zu erzählen 95 / / Verbinde dich mit deinem Higher Seif! / Higher Seif on, Baby! 109 / Verändere deine Gedanken, und es verändert sich dein Leben 127 / No more drama, Baby! Wie du deine Gefühle von / Angst in Liebe verändern kannst 147 / Die wichtigste Entscheidung, die du heute treffen kannst 173 / Wir sind, was wir jeden Tag wiederholt tun isi / / Teile dein Licht mit der Welt / Dein Leben wartet darauf, von dir erschaffen zu werden 197 / Vertraue deiner unendlichen Schöpferkraft 207 / Finde dein Geschenk für die Welt 221 / Sei liebevoll mit dir - egal, wohin dein Weg dich führt 231</marc:subfield>
   </marc:datafield>
   <marc:datafield ind1=" " ind2=" " tag="020">
      <marc:subfield code="a">9783831204564</marc:subfield>
      <marc:subfield code="9">9783831204564</marc:subfield>
   </marc:datafield>
   <marc:datafield ind1=" " ind2=" " tag="041">
      <marc:subfield code="a">ger</marc:subfield>
   </marc:datafield>
   <marc:datafield ind1=" " ind2=" " tag="300">
      <marc:subfield code="a">237 Seiten : Illustr</marc:subfield>
   </marc:datafield>
</marc:record>
